Look busy do nothing (Record no. 502750)

000 -LEADER
fixed length control field 00313cam a22001097a 4500
008 - FIXED-LENGTH DATA ELEMENTS--GENERAL INFORMATION
fixed length control field 180718b1996 xxu||||| |||| 00| 0 eng d
082 ## - DEWEY DECIMAL CLASSIFICATION NUMBER
Classification number ABx54 K133lH
100 ## - MAIN ENTRY--PERSONAL NAME
Personal name Kanodia, K.D.
245 ## - TITLE STATEMENT
Title Look busy do nothing
Statement of responsibility, etc. by K.D. Kanodia
260 ## - PUBLICATION, DISTRIBUTION, ETC.
Place of publication, distribution, etc. New Delhi
Name of publisher, distributor, etc. Indian ooks & Periodicals Syndicate
Date of publication, distribution, etc. 1996
300 ## - PHYSICAL DESCRIPTION
Extent 299p.
Holdings
Withdrawn status Lost status Damaged status Not for loan Permanent Location Current Location Date acquired Full call number Barcode Date last seen Price effective from Koha item type
        Indian Institute of Public Administration Indian Institute of Public Administration 2018-08-04 ABx54 K133lH GR18944 2018-08-04 2018-08-04 GR

Powered by Koha